000 00712nam a22002657a 4500
001 0074
003 DO-SdBNP
005 20180130104934.0
007 0074
008 151207b sp 1976 xxu||||| |||| 00| 0 spa d
020 _a8420103047
040 _aBPMSU
_bspa
_cBPMSU
092 _axxxxxxxx
_bxxxxxxxx
100 1 0 _aSpyri, Juana
245 1 0 _aHeidi /
_cJuana Spyri ; ilustración José Llovera
250 _a16a ed.
260 _aBarcelona :
_bAFHA Internacional,
_c1976
300 _a152 p. :
_bil.,
_c21 cm.
490 1 0 _aNuevo auriga
_v1
700 1 0 _aLlovera, José,
_eil.
830 0 0 _aNuevo auriga
_n1
942 _2ddc
_cBK
945 _aInvetariado extranjero / 2018 VM
956 _aBrenda Tavárez
999 _c9027
_d9027